000 004320000a22001810004500
003 MACL
005 20150729154352.0
008 150729b xxu||||| |||| 00| 0 eng d
040 _aMACL
_cMACL
041 _aEnglish
082 _a342//MAR
100 _aMarkandan, K C
_93261
245 _aSpirit of the Constitution
260 _bABS Publications
_c1986
_aJalandar
350 _a200
650 _aLaw
_93262
942 _cBK
_k342
_2ddc
999 _c5456
_d5456